01449nam a22002297a 45000010005000000030006000050050017000110080041000280200018000690400029000870500008001161000019001242450122001432600033002653000047002984900025003455050008003705200760003785210029011385210020011677000032011877132FISKH20250626104646.0250625b cb ||||| |||| 00| 0 eng d a9788956355177 aFISKHbengcFISKHdFISKH aPZ7 aSormark, Julie aThe little girl and the big bear / cRetold by Julie Sormark : through the Art style of James Abbot McNeill Shistler  aSeoul : be-future , c2010. a35 pages : bcolor illustrations ;c23 cm. aArt classic stories  aJ  aPoor Alicia lived with her sick mother in a house made of brick. One day, she went outside to get water for her mom, but she couldn’t find any water anywhere. She felt lost and sad. Tired, she lay down and fell asleep. When she woke up, she was surprised to see clean water nearby. Unluckily, she spilled the water on the way back. But to her amazement, the container was suddenly full again! She brought the water to her mother and gave it to her. Then, an old man appeared and asked for some water. Alicia kindly gave it to him. After drinking, the old man smiled and placed a stone in the water. The shiny stone began to glow, and soon, rain started to fall from the sky. Alicia smiled with joy as the rain brought hope and life back to her world.8 a500 bLexile estimate 8 aJ bRaz-Plus  aChoi, YeongbineIllustrator